Statistics for Countries Closest to Turkey

Click here to take the quiz!

General Stats

  • This quiz has been taken 31,584 times
  • The average score is 17 of 20

Answer Stats

km Country miles % Correct
0Greece0
97%
0Iraq0
95%
0Syria0
94%
0Iran0
94%
285Israel177
91%
69Cyprus43
90%
136Russia85
90%
0Georgia0
89%
0Armenia0
88%
0Bulgaria0
88%
125Lebanon78
86%
198Romania123
85%
342Jordan213
85%
0Azerbaijan0
84%
274North Macedonia170
80%
366Ukraine227
78%
420Albania261
78%
322Serbia200
75%
387Moldova240
69%
388Kosovo241
69%

Score Distribution

Percentile by Number Answered

Percent of People with Each Score

Your Score History

You have not taken this quiz